Sustainable clusters may increase business (Record no. 117089)
[ view plain ]
| 000 -LEADER | |
|---|---|
| fixed length control field | 01288cam a2200205 4500 |
| 001 - CONTROL NUMBER | |
| control field | WB4010-08 |
| 008 - FIXED-LENGTH DATA ELEMENTS--GENERAL INFORMATION | |
| fixed length control field | 040310n2004 000 0 eng u |
| 035 ## - SYSTEM CONTROL NUMBER | |
| System control number | (Sirsi) u125391 |
| 245 ## - TITLE STATEMENT | |
| Title | Sustainable clusters may increase business |
| 260 ## - PUBLICATION, DISTRIBUTION, ETC. | |
| Date of publication, distribution, etc. | 2004 |
| 490 ## - SERIES STATEMENT | |
| Series statement | Regeneration and Renewal |
| Volume/sequential designation | 5 March 2004, 5 (1) |
| 520 ## - SUMMARY, ETC. | |
| Summary, etc. | Two reports from the learning network Regional Futures - part of the sustainable development charity Forum for the Future - argue that, far from being a burden for businesses, sustainable approaches can increase profitability. Clusters of businesses allow for sharing of transport costs, sharing infrastructure and waste facilities. The report also calls for regional development agencies to be more proactive in the promotion of sustainable development particularly among small and medium-sized enterprises. "Sustainable Business Clusters in the Regions" and "Ten Steps to Sustainable Business Clusters in the Regions" can be viewed at: http://www.regionalfutures.org.uk/newsdigest/susta inablebusclusters_page1453.aspx http://www.regionalfutures.org.uk/default.aspx |
| 590 ## - LOCAL NOTE (RLIN) | |
| Local note | WB |
| 590 ## - LOCAL NOTE (RLIN) | |
| Local note | WB |
| 650 ## - SUBJECT ADDED ENTRY--TOPICAL TERM | |
| Topical term or geographic name entry element | BUSINESS CLUSTERS |
| 650 ## - SUBJECT ADDED ENTRY--TOPICAL TERM | |
| Topical term or geographic name entry element | REGIONAL DEVELOPMENT AGENCIES |
| 650 ## - SUBJECT ADDED ENTRY--TOPICAL TERM | |
| Topical term or geographic name entry element | SMES |
| 690 ## - LOCAL SUBJECT ADDED ENTRY--TOPICAL TERM (OCLC, RLIN) | |
| Topical term or geographic name as entry element | DEVELOPMENT-SUSTAINABLE |
| 942 ## - ADDED ENTRY ELEMENTS (KOHA) | |
| Suppress in OPAC | 0 |
| Withdrawn status | Lost status | Source of classification or shelving scheme | Damaged status | Not for loan | Home library | Current library | Shelving location | Date acquired | Total Checkouts | Full call number | Barcode | Date last seen | Copy number | Price effective from | Koha item type |
|---|---|---|---|---|---|---|---|---|---|---|---|---|---|---|---|
| Dewey Decimal Classification | London | London | News article | 10/03/2004 | WB4010-08 | 125391-1001 | 06/08/2019 | 1 | 06/08/2019 | News article |